| 000 | 00565nam a2200181 i 4500 | ||
|---|---|---|---|
| 001 | 26461 | ||
| 003 | ES-MaACL | ||
| 005 | 20250716062524.0 | ||
| 007 | t| | ||
| 008 | 030109s1941 sp ||||1| spa d | ||
| 100 | 1 |
_aAstrana Marín, Luis. _923693 |
|
| 245 | 1 | 0 |
_aVida inmortal de William Shakespeare / _cLuis Astrana Marín. |
| 260 |
_aMadrid : _bEdic. Españolas, _c1941 ( _fDiana Artes Gráficas) |
||
| 300 |
_a380 p., 65 lám. ; _c22 cm. |
||
| 600 | 1 | 4 |
_aShakespeare, William, _d1564-1616 _9105992 |
| 852 |
_aES-MaACL _jF-15315 _bR.19425 |
||
| 999 |
_c26461 _d26461 |
||